|
|
|
|
| LEADER |
00000nam0a2200000 4500 |
| 001 |
670279 |
| 005 |
20240415135450.0 |
| 010 |
|
|
|a 5-367-00039-8
|
| 090 |
|
|
|a 670279
|
| 100 |
|
|
|a 20240124d2006 m||y0rusy50 ca
|
| 101 |
1 |
|
|a rus
|c eng
|
| 102 |
|
|
|a RU
|
| 105 |
|
|
|a y z 000ay
|
| 181 |
|
0 |
|a i
|b e
|
| 182 |
|
0 |
|a n
|
| 183 |
|
0 |
|a nc
|2 RDAcarrier
|
| 200 |
1 |
|
|a Симулякры. Кланы Альфанской Луны
|e романы
|f Филип Дик
|g пер. с англ. Н. Романецкого, М. Дронова
|
| 203 |
|
|
|a Текст
|b визуальный
|c непосредственный
|
| 210 |
|
|
|a Санкт-Петербург
|c Амфора
|d 2006
|
| 215 |
|
|
|a 512 с.
|
| 225 |
1 |
|
|a Миры Филипа Дика
|
| 283 |
|
|
|a volume
|2 RDAcarrier
|
| 330 |
|
|
|a В сборник вошли два социально-сатирических романа Филипа К. Дика, в которых фантастические допущения и перенос действия в будущее лишь подчеркивают актуальность современных проблем социального неравенства — как возникшего «естественно», так и созданного искусственно правящими группами для сохранения и укрепления своего господства.
|
| 606 |
1 |
|
|a Американская литература (англо-язычная литература)
|9 52349
|
| 610 |
1 |
|
|a художественная литература
|
| 610 |
1 |
|
|a романы
|
| 610 |
1 |
|
|a фантастика
|
| 610 |
1 |
|
|a проза
|
| 675 |
|
|
|a 82
|v 4
|z rus
|
| 700 |
|
1 |
|a Дик
|b Ф.
|g Филип
|
| 702 |
|
1 |
|4 730
|a Романецкий
|b Н.
|
| 702 |
|
1 |
|4 730
|a Дронов
|b М.
|
| 801 |
|
0 |
|a RU
|b 62413507
|c 20240124
|
| 942 |
|
|
|c BK
|